[Event "Let's Play Chess!"]
[Site "http://www.queenalice.com/game.php?id=987553"]
[Date "2011.9.20"]
[Round "-"]
[White "TheBigBaluba"]
[Black "RUNNINGWOLF"]
[Result "1-0"]
[WhiteElo "1100"]
[BlackElo "1185"]

1. e3 f5 2. d4 Nf6 3. Nc3 e6 4. Nf3 Be7 5. b3 O-O 6. Bb2 c6 7. Bd3 d5 8. O-O
Nbd7 9. h3 Nh5 10. Ne5 Nxe5 11. dxe5 Qe8 12. Ne2 1-0

[Event "AUTO-OPEN-2484"]
[Site "http://www.queenalice.com/game.php?id=987741"]
[Date "2011.9.20"]
[Round "1"]
[White "Antonino"]
[Black "RUNNINGWOLF"]
[Result "1-0"]
[WhiteElo "1995"]
[BlackElo "1084"]

1. e4 e5 2. Nf3 Nc6 3. d4 d6 4. Bc4 Nf6 5. dxe5 Nxe5 6. Nxe5 dxe5 7. Bxf7+ Ke7
8. Qxd8+ Kxd8 9. Bg5 Be7 10. Nc3 Bd7 11. O-O-O c6 12. Bxf6 Bxf6 13. Be6 Ke7 14.
Bxd7 Rad8 15. Bg4 g6 16. Rxd8 Rxd8 17. Rd1 Bg5+ 18. Kb1 b5 19. Rxd8 Kxd8 20. Be6
Ke7 21. Bc8 1-0

[Event "AUTO-OPEN-2484"]
[Site "http://www.queenalice.com/game.php?id=987742"]
[Date "2011.9.20"]
[Round "1"]
[White "RUNNINGWOLF"]
[Black "Antonino"]
[Result "0-1"]
[WhiteElo "1084"]
[BlackElo "1993"]

1. e4 e5 2. Nf3 Nf6 3. Nxe5 d6 4. Nf3 Nxe4 5. Bc4 d5 6. Qe2 Be7 7. Ne5 O-O 8.
Bd3 Re8 9. O-O Bd6 10. Nxf7 Kxf7 11. Qh5+ Kg8 12. Qxd5+ Kh8 13. Bxe4 Bf5 14.
Qxf5 Bxh2+ 15. Kxh2 Qh4+ 16. Kg1 Qxe4 17. Qxe4 Rxe4 18. Nc3 Re7 19. f4 Nc6 0-1

[Event "AUTO-OPEN-2484"]
[Site "http://www.queenalice.com/game.php?id=987775"]
[Date "2011.9.20"]
[Round "1"]
[White "Arthur0007"]
[Black "RUNNINGWOLF"]
[Result "1-0"]
[WhiteElo "2067"]
[BlackElo "1084"]

1. e4 e5 2. Nf3 Nc6 3. d4 d6 4. dxe5 Qe7 5. exd6 Qxe4+ 6. Qe2 Qxe2+ 7. Bxe2 cxd6
8. O-O Be7 9. Bf4 Nf6 10. Nc3 O-O 11. Rad1 Rd8 12. a3 Bf5 13. Bd3 Bxd3 14. Rxd3
h6 15. Rfd1 g5 16. Bxd6 Bxd6 17. Rxd6 Kg7 18. Rxd8 Nxd8 19. Ne5 Ne6 20. Kf1 1-0

[Event "AUTO-OPEN-2484"]
[Site "http://www.queenalice.com/game.php?id=987776"]
[Date "2011.9.20"]
[Round "1"]
[White "RUNNINGWOLF"]
[Black "Arthur0007"]
[Result "0-1"]
[WhiteElo "1084"]
[BlackElo "2069"]

1. e4 e5 2. Nf3 Nf6 3. d3 Nc6 4. Be2 d5 5. O-O d4 6. c3 Bd6 7. cxd4 Nxd4 8. Nc3
Nxe2+ 9. Qxe2 O-O 10. Bg5 c6 11. Rad1 Be6 12. d4 Qb6 13. Bxf6 gxf6 14. b3 Bg4
15. dxe5 Bxe5 16. h3 Bh5 17. g4 Bxg4 18. hxg4 Bxc3 0-1

[Event "Let's Play!"]
[Site "http://www.queenalice.com/game.php?id=1345632"]
[Date "2015.3.4"]
[Round "-"]
[White "digger"]
[Black "RUNNINGWOLF"]
[Result "1-0"]
[WhiteElo "1566"]
[BlackElo "1009"]

1. e4 e5 2. Bc4 Nf6 3. Nc3 Be7 4. Qf3 O-O 5. Nge2 d6 6. h3 c5 7. O-O b6 8. Nd5
Be6 9. Nxe7+ Qxe7 10. Bxe6 Qxe6 11. b3 d5 12. exd5 Nxd5 13. Re1 Nd7 14. Bb2 N7f6
15. Ng3 1-0

[Event "Let's Play Chess!"]
[Site "http://www.queenalice.com/game.php?id=1345660"]
[Date "2015.3.5"]
[Round "-"]
[White "RUNNINGWOLF"]
[Black "Bategoll"]
[Result "0-1"]
[WhiteElo "1021"]
[BlackElo "1904"]

1. e4 e5 2. Nf3 Nf6 3. Nc3 d6 4. d4 exd4 5. Nxd4 Be7 6. Bc4 Bg4 7. f3 Bh5 8. O-O
Nbd7 9. Be3 Nb6 10. Bd3 O-O 11. Qe1 c5 12. Nf5 c4 13. Qg3 Bg6 14. h4 Nh5 15. Qg4
Nf6 16. Qg3 cxd3 17. cxd3 Nh5 18. Qg4 Nf6 19. Qg3 d5 20. Bg5 d4 21. Bxf6 Bxf6
0-1

[Event "Let's Play Chess!"]
[Site "http://www.queenalice.com/game.php?id=1345662"]
[Date "2015.3.5"]
[Round "-"]
[White "RUNNINGWOLF"]
[Black "Bategoll"]
[Result "0-1"]
[WhiteElo "1021"]
[BlackElo "1914"]

1. e4 Nf6 2. e5 Nd5 3. d4 e6 4. Nf3 d6 5. Bc4 dxe5 6. dxe5 c6 7. O-O b5 8. Bd3
Na6 9. Nc3 Nc5 10. Bg5 Be7 11. Bxe7 Qxe7 12. Nxd5 exd5 13. Re1 Nxd3 14. cxd3 Be6
15. Nd4 O-O 16. Nxc6 Qd7 17. Nd4 Rfc8 18. f4 Qb7 19. f5 Qb6 20. Qg4 Bxf5 21.
Qxf5 Qxd4+ 22. Kh1 Qxb2 23. Rf1 Rf8 24. e6 fxe6 25. Qxe6+ Kh8 26. Qe7 Rfe8 0-1

[Event "Let's Play Chess!"]
[Site "http://www.queenalice.com/game.php?id=1345663"]
[Date "2015.3.5"]
[Round "-"]
[White "Bategoll"]
[Black "RUNNINGWOLF"]
[Result "1-0"]
[WhiteElo "1912"]
[BlackElo "1021"]

1. e4 e5 2. Bc4 g6 3. d4 exd4 4. Qxd4 Nf6 5. Bg5 Bg7 6. e5 Nc6 7. exf6 Nxd4 8.
fxg7 Nxc2+ 9. Kf1 Qxg5 10. gxh8=Q+ Ke7 11. Nc3 c6 12. Nf3 Qc5 13. Qe5+ Qxe5 14.
Nxe5 Nxa1 15. Bd3 d6 16. Nf3 Bg4 17. Ke2 Nb3 18. axb3 b5 19. h3 Be6 20. Ng5 h6
21. Nxe6 Kxe6 22. f3 d5 23. Ra1 d4 24. Ne4 f5 25. Nf2 Kd5 26. f4 c5 27. Ra5 a6
28. Bxb5 1-0

[Event "Let's Play Chess!"]
[Site "http://www.queenalice.com/game.php?id=1345664"]
[Date "2015.3.5"]
[Round "-"]
[White "RUNNINGWOLF"]
[Black "Bategoll"]
[Result "0-1"]
[WhiteElo "1021"]
[BlackElo "1910"]

1. e4 e5 2. Nf3 Nf6 3. Nc3 Bb4 4. Nxe5 Nc6 5. d4 Nxe4 6. Nxf7 Qf6 7. Qf3 Qxf3 8.
gxf3 Kxf7 9. fxe4 Nxd4 10. Bc4+ Kf8 11. O-O Nxc2 12. Rb1 Nd4 13. Kh1 d6 14. a3
Bxc3 15. bxc3 Nc6 16. f4 h5 17. f5 Ne5 18. Bd5 c6 19. Bb3 b5 20. Ba2 Ba6 21. Bg5
Rb8 22. Rbd1 b4 23. Rf2 b3 24. Bb1 Ng4 25. Rfd2 c5 0-1

[Event "Let's Play Chess!"]
[Site "http://www.queenalice.com/game.php?id=1345665"]
[Date "2015.3.5"]
[Round "-"]
[White "Bategoll"]
[Black "RUNNINGWOLF"]
[Result "1-0"]
[WhiteElo "1906"]
[BlackElo "1021"]

1. Nf3 f5 2. e3 Nf6 3. d4 e6 4. c4 Be7 5. Nc3 O-O 6. Be2 d6 7. Bd2 c5 8. d5 exd5
9. Nxd5 Bd7 10. O-O Bc6 11. Nxe7+ Qxe7 12. Bc3 Ne4 13. Be1 Nd7 14. Rc1 g5 15.
Bc3 g4 16. Ne1 Ndf6 17. Bxf6 Qxf6 18. Nd3 Qh4 19. Nf4 Rae8 20. f3 g3 21. h3 Nf2
22. Qxd6 Rxe3 23. Ne6 Re8 24. Nf4 Rxe2 25. Nxe2 1-0